Catalog

Record Details

Catalog Search



Deception  Cover Image Book Book

Deception / Jonathan Kellerman.

Summary:

Homicide detective Milo Sturgis and psychologist Alex Delaware probe the hallowed halls of Windsor Prep Academy, one of L.A.'s most prestigious prep schools, searching for the killers of a murdered woman.

Record details

  • ISBN: 9780345505675
  • ISBN: 0345505670
  • Physical Description: 337 pages ; 25 cm.
  • Edition: First edition.
  • Publisher: New York : Ballantine Books, ©2010.
Subject: Delaware, Alex (Fictitious character).
Sturgis, Milo (Fictitious character).
Psychologists > Fiction.
Police > California > Los Angeles > Fiction.
Sexual abuse victims > Fiction.
Women teachers > Crimes against > Fiction.
Preparatory schools > Fiction.
Detective and mystery stories.
Brentwood (Los Angeles, Calif.) > Fiction.

Available copies

  • 1 of 1 copy available at scottsboropl.

Holds

  • 0 current holds with 1 total copy.
Show Only Available Copies
Location Call Number / Copy Notes Barcode Shelving Location Status Due Date
scottsboropl F Kel 32269000856578 Adult - Fiction Available -

LDR 01501pam a2200385 a 4500
001117980
003CONS
00520191112130101.0
008100111s2010 nyu 000 1 eng
010 . ‡a 2010000507
020 . ‡a9780345505675 ‡q(hardcover)
020 . ‡a0345505670 ‡q(hardcover)
035 . ‡a(CPomAG)LMN316537
043 . ‡an-us-ca
05000. ‡aPS3561.E3865 ‡bD43 2010
08200. ‡a813/.54 ‡222
1001 . ‡aKellerman, Jonathan.
24510. ‡aDeception / ‡cJonathan Kellerman.
250 . ‡aFirst edition.
260 . ‡aNew York : ‡bBallantine Books, ‡c©2010.
300 . ‡a337 pages ; ‡c25 cm.
4900 . ‡aAlex Delaware novels ; ‡v25
520 . ‡aHomicide detective Milo Sturgis and psychologist Alex Delaware probe the hallowed halls of Windsor Prep Academy, one of L.A.'s most prestigious prep schools, searching for the killers of a murdered woman.
650 0. ‡aDelaware, Alex (Fictitious character).
650 0. ‡aSturgis, Milo (Fictitious character).
650 0. ‡aPsychologists ‡vFiction.
650 0. ‡aPolice ‡zCalifornia ‡zLos Angeles ‡vFiction.
650 0. ‡aSexual abuse victims ‡vFiction.
650 0. ‡aWomen teachers ‡vCrimes against ‡vFiction.
650 0. ‡aPreparatory schools ‡vFiction.
650 0. ‡aDetective and mystery stories.
651 0. ‡aBrentwood (Los Angeles, Calif.) ‡vFiction.
914 . ‡dNAC_cp ‡dLMN_cm
959 . ‡i32269000856578 ‡lF Kel ‡aAdult - Fiction ‡tFiction ‡g28.00
852 . ‡p32269000856578 ‡jF Kel ‡gAdult - Fiction ‡cFiction ‡y28.00 ‡bSBPL
901 . ‡a117980 ‡bUnknown ‡c117980 ‡tbiblio

Additional Resources